000 00411nam a2200169 a 4500
001 0444
005 20140414131909.0
008 040116s19uu xx 00 eng d
020 _a0-689-80371-0
050 _aER
_bB48 1994
245 _aA big operation.
260 _aChina :
_bAladdin Paperbacks,
_c1994.
300 _a1 v. p. : ill. ; cm.
500 _a
650 _aChildren stories.
999 _c111087
_d111087